Ο ελεύθερος χρόνος
Αποθηκεύτηκε σε:
| Κύριος συγγραφέας: | |
|---|---|
| Μορφή: | Βιβλίο |
| Γλώσσα: | Greek |
| Δημοσίευση: |
Αθήνα :
Μνήμη,
1985
|
| Έκδοση: | 2η έκδ. |
| Θέματα: | |
| Ετικέτες: |
Προσθήκη ετικέτας
Δεν υπάρχουν, Καταχωρήστε ετικέτα πρώτοι!
|
MARC
| LEADER | 00000nam a2200000 i 4500 | ||
|---|---|---|---|
| 001 | 1/61721 | ||
| 008 | 940929s1985 gre d | ||
| 035 | |l 10028945 | ||
| 040 | |a GR-MY-UA |b gre |e aacr | ||
| 041 | 0 | |a gre | |
| 082 | 0 | |a 306.48 | |
| 100 | 1 | |a Toti, Gianni |d 1924- | |
| 245 | 1 | 2 | |a Ο ελεύθερος χρόνος |
| 250 | |a 2η έκδ. | ||
| 260 | |a Αθήνα : |b Μνήμη, |c 1985 | ||
| 300 | |a 396 σ. | ||
| 650 | 0 | 0 | |a Leisure |x Social aspects. |
| 852 | |a INST |b CHIOS |e 19960404 |h 306.48 TOT |p 005200006124 |q 005200006124 |t BK |y 0 | ||
| 852 | |a INST |b CHIOS |e 19960404 |h 306.48 TOT |p 005200006125 |q 005200006125 |t BK |y 0 | ||
| 852 | |a INST |b CHIOS |e 19960404 |h 306.48 TOT |p 005200006126 |q 005200006126 |t BK |y 0 | ||
| 852 | |a INST |b CHIOS |e 19960404 |h 306.48 TOT |p 005200006127 |q 005200006127 |t BK |y 0 | ||
| 852 | |a INST |b CHIOS |e 19940929 |h 306.48 TOT |p 005200006128 |q 005200006128 |t BK |y 0 | ||
| 909 | |a Χ |b 000998 | ||
| 909 | |a Χ |b 000999 | ||
| 909 | |a Χ |b 001000 | ||
| 909 | |a Χ |b 001001 | ||
| 909 | |a Χ |b 001002 | ||